Responses for Show #3476 - Monday, October 18, 1999

Contestants

[<< previous game]

Barry Levine, a screenwriter from Atlanta, Georgia

Keith Lorasch, a music educator from Eau Claire, Wisconsin

Melanie Smith, an office manager from Modesto, California (whose 1-day cash winnings total $9,650)

[next game >>]

Jeopardy! Round responses

PHRASES FROM THE GOOD BOOK
TV 3 OF A KIND
THERE IS NO PLACE LIKE NEBRASKA
I BELIEVE I CAN'T FLY
HIGHWAYS & BYWAYS
CROSSWORD CLUES "T"
    $100 20
Bread

Keith
    $100 4
Elaine, George & Kramer

Melanie
    $100 21
(M: What is Washington, D.C.?)

Lincoln

MelanieKeith
    $100 11
Ostrich

Melanie
    $100 7
Massachusetts

Keith
    $100 1
Tadpole

Keith
    $200 26
The sun

Melanie
    $200 16
Cindy, Jan & Marcia

Melanie
    $200 22
Buffalo Bill Cody

Melanie
    $200 12
(M: What is a rhea?)

Kiwi

MelanieKeith
    $200 8
Oregon Trail

Melanie
    $200 2
True

Melanie
    $300 27
An eye

Barry
    $300 17
Adam, Hoss & Little Joe

Melanie
    $300 23
Strategic Air Command

Barry
    $300 13
Penguin

Barry
    $300 9
Chicago

Melanie
    $300 3
Tomahawk

Keith
    $400 29
(K: What are sheaves into plowshares?)

Swords into plowshares

KeithBarry
    $400 18
(Keith: Who are Mike, Gloria, and Edith?)
(Barry: Who are Edith, Archie, and...)
(Alex: You're taking too long!)

Archie, Edith & Gloria Bunker

MelanieKeithBarry
    $400 24
(minute to go...)

McRib

Barry
    $400 14
Dodo

Melanie
    $400 10
Bourbon Street

Barry
    $400 5
Turban

Keith
    $500 30
The faith

Triple Stumper
    $500 19
(Barry: Who are Mike Nesmith, David Jones, and...)

Micky Dolenz, David Jones & Michael Nesmith

Barry
Triple Stumper
    $500 25
Red Cloud

Melanie
    $900 15
Emu

Melanie
    $500 28
Mackinac Bridge

Keith
    $500 6
Trident

Barry

Scores at the first commercial break (after clue 15):

Melanie Keith Barry
$2,000 $1,100 $1,200

Scores at the end of the Jeopardy! Round:

Melanie Keith Barry
$3,700 $1,000 $1,700

Double Jeopardy! Round responses

CENTRAL AMERICAN HISTORY
THEIR FIRST FEATURE FILMS
BRITISH AUTHORS
UNIVERSITY TOWNS
(Alex: You have to give the location of the main campus, we'll give you the university)
MR. & MISSIVE
WAYS TO "PLAY"
    $200 1
(M: What is Brazil?)
(K: What is Colombia?)

Mexico

MelanieKeith
Triple Stumper
    $200 7
One Flew Over the Cuckoo's Nest

Melanie
    $200 5
(M: What is Miami?)
(B: What is Tallahassee?)

Gainesville

MelanieKeithBarry
    $200 20
Abraham Lincoln

Keith
    $200 15
To play hooky

Melanie
    $400 2
CIA (Central Intelligence Agency)

Keith
    $400 8
Grace Kelly

Melanie
    $400 6
Ann Arbor

Keith
    $400 22
John Brown

Keith
    $400 16
Play on words

Keith
    $600 3
(Alex: They take it very seriously down there!)

World Cup (of soccer)

Keith
    $600 9
Member of the Wedding

Triple Stumper
    $600 12
(B: What is Los Angeles?)

Malibu, California

Barry
Triple Stumper
    $600 23
(about a minute to go...)

Galileo

Melanie
    $600 17
Play the field

Keith
    $800 4
Violeta Chamorro

Melanie
    $800 10
Suzanne Pleshette

Melanie
    $800 13
Washington, D.C.

Barry
    $800 24
(M: Who was Brezhnev?)
(B: Who was Gorbachev?)

Yuri Andropov

MelanieBarry
Triple Stumper
    $800 18
Play-by-play

Melanie
    $1000 21
Belize (British Honduras)

Keith
    $1000 11
(M: Who was Nureyev?)

Vaslav Nijinsky

MelanieBarry
    $1000 26
(buzzer sounds)

John Galsworthy

Triple Stumper
    $1000 14
(B: What is Knoxville?)

Nashville

KeithBarry
    $1,200 25
(M: Who is Oscar Wilde?)

Emile Zola

Melanie
    $1000 19
To play in Peoria

Keith

Scores at the end of the Double Jeopardy! Round:

Melanie Keith Barry
$4,100 $7,000 $900

[wagering suggestions for these scores]

Final Jeopardy! Round responses

INDUSTRIALISTS
BarryWho is Andrew Carnegie
$900
MelanieWho was Henry Ford?
$4,100
KeithWho is Henry Ford?
$1,201
Henry Ford

Final scores:

Melanie Keith Barry
$8,200 $8,201 $0
2nd place: Trip to Regal Kowloon Hotel, Hong Kong New champion: $8,201 3rd place: 1-800-GIFT CERTIFICATE

Game dynamics:

Coryat scores:

Melanie Keith Barry
$4,900 $7,000 $900
20 R
(including 1 DD),
7 W
(including 1 DD)
19 R
(including 1 DD),
3 W
9 R,
6 W

Combined Coryat: $12,800

[game clues] [game scores] [suggest correction]

Game tape date: 1999-08-03
The J! Archive is created by fans, for fans. Scraping, republication, monetization, and malicious use prohibited; this site may use cookies and collect identifying information. See terms. The Jeopardy! game show and all elements thereof, including but not limited to copyright and trademark thereto, are the property of Jeopardy Productions, Inc. and are protected under law. This website is not affiliated with, sponsored by, or operated by Jeopardy Productions, Inc. Join the discussion at JBoard.tv.